Export Ready — 

Maqābir al-fajr /

Saved in:

Main Author: Rāḍī, Muḥammad Rashād (Author)

Format: Book

Language: Arabic

Published: [Cairo] : Maṭbaʻat Dār al-Nashr, 1938.

Subjects:

Tags: Add Tag

No Tags, Be the first to tag this record!

Call Number: PJ7860 .R1243 M2 1938

LEADER 01006nam a2200241Ia 4500
003 OSt
005 20231206132324.0
008 130303s1938 ua a 000 p ara d
952 |0 0  |1 0  |2 lcc  |4 0  |6 PJ7860 R1243 M2 01938  |7 1  |9 57294  |a ARCE  |b ARCE  |d 2023-12-06  |l 0  |o PJ7860 .R1243 M2 1938  |p 1030064  |r 2023-12-06 00:00:00  |w 2023-12-06  |y BK 
999 |c 29553  |d 29553 
040 |c ARCE Library 
050 4 |a PJ7860 .R1243 M2 1938 
100 1 |6 880-01  |a Rāḍī, Muḥammad Rashād,  |e author 
245 1 0 |6 880-02  |a Maqābir al-fajr /   |c Muḥammad Rashād al-Rāḍī. 
264 1 |a [Cairo] :   |b Maṭbaʻat Dār al-Nashr,   |c 1938. 
300 |a 154 pages :   |b illustrations ;   |c 20 cm. 
555 |a shimaa 
555 |a wafaa.lib 
650 0 |a Arabic poetry  |z Egypt  |y 20th century. 
880 1 |6 100-01/(3/r  |a راضي، محمد رشاد 
880 1 0 |6 245-02/(3/r  |a مقابر الفجر‪‪‪‪‪‪‪‪‪‪‪‪‪‪‪‪‪‪‪‪‪‪‪‪‪‪  |c  محمد رشاد الراضي 
901 |a reviewed 
942 |c BK  |2 lcc